[Event "Paleochora op 2nd"]
[Site "Paleochora"]
[Date "2009.07.21"]
[Round "1"]
[White "Tsarouha, Marianthi"]
[Black "Tukhaev, Adam"]
[Result "0-1"]
[WhiteElo "1763"]
[BlackElo "2534"]
[PlyCount "54"]
[EventDate "2009.07.21"]
[EventType "swiss"]
[EventRounds "9"]
[EventCountry "GRE"]
[SourceTitle "CBM 131 Extra"]
[Source "ChessBase"]
[SourceDate "2009.09.03"]
[SourceVersion "2"]
[SourceVersionDate "2009.09.16"]
[SourceQuality "1"]

1. d4 d6 2. c4 g6 3. g3 Bg7 4. Bg2 Nf6 5. Nc3 0-0 6. Nf3 Nc6 7. 0-0 Bd7 8. e3 Re8 9. b3 e5 10. d5 Ne7 11. e4 Nh5 12. Be3 h6 13. Qd2 Kh7 14. Rac1 f5 15. b4 f4 16. gxf4 Nxf4 17. Bxf4 exf4 18. Qxf4 g5 19. Qd2 Ng6 20. Nd4 Be5 21. Nce2 Qf6 22. c5 Nf4 23. c6 bxc6 24. Nxc6 Nxg2 25. Kxg2 Bh3+ 26. Kxh3 Qf3+ 27. Ng3 Bf6 0-1

[Event "GRE-chT 37th"]
[Site "Kallithea"]
[Date "2009.07.05"]
[Round "4"]
[White "Tsarouha, Marianthi"]
[Black "Barbageorgopoulou, Fani"]
[Result "0-1"]
[WhiteElo "1763"]
[BlackElo "1809"]
[PlyCount "108"]
[EventDate "2009.07.03"]
[EventType "team-tourn"]
[EventRounds "9"]
[EventCountry "GRE"]
[SourceTitle "CBM 131 Extra"]
[Source "ChessBase"]
[SourceDate "2009.09.03"]
[SourceVersion "2"]
[SourceVersionDate "2009.09.16"]
[SourceQuality "1"]

1. d4 Nf6 2. c4 c5 3. d5 b5 4. cxb5 a6 5. bxa6 Bxa6 6. Nc3 d6 7. e4 Bxf1 8. Kxf1 Nbd7 9. Nf3 g6 10. g3 Bg7 11. Bg5 0-0 12. Kg2 h6 13. Bxf6 Bxf6 14. Qd2 Bg7 15. Rhe1 Qa5 16. Re2 Rfb8 17. Rc1 Qb4 18. b3 c4 19. Nd1 cxb3 20. Qxb4 Rxb4 21. axb3 Nc5 22. e5 Rxb3 23. Nd4 Rb7 24. exd6 Bxd4 25. dxe7 Re8 26. Rc4 Nb3 27. d6 Bc5 28. Nc3 Bxd6 29. Nd5 Kg7 30. Rce4 Nc5 31. R4e3 Ne6 32. h4 Bxe7 33. Nxe7 Rbxe7 34. Kh2 Kf8 35. Ra2 Nc5 36. Rxe7 Rxe7 37. Kg2 Kg7 38. Ra5 Nd3 39. Ra2 Re6 40. Rd2 Rd6 41. Ra2 Rf6 42. f4 Nxf4+ 43. gxf4 Rxf4 44. Kg3 Rb4 45. Ra5 Re4 46. Rb5 Kf6 47. Rb6+ Re6 48. Rb5 g5 49. hxg5+ hxg5 50. Kg4 Re4+ 51. Kf3 Rf4+ 52. Kg3 Kg6 53. Ra5 Rb4 54. Rc5 Rb3+ 0-1